000
00408nam a22001217a 4500
003
SGT
082
_a
080
_b
C15D
100
_a
दूसरे, सत्यनारायण
245
_a
कैमरे में सम्पूर्ण क्रांति - 1974
260
_b
जे. पि. छायाचित्र प्रकाशन समिति
_c
2015
300
_a
356
942
_2
ddc
_c
BK
999
_c
31474
_d
31474